<?xml version="1.0" encoding="UTF-8"?>
<collection xmlns="http://www.loc.gov/MARC21/slim">
 <record>
  <leader>01788nam a2200205Ia 4500</leader>
  <controlfield tag="001">CTU_171839</controlfield>
  <controlfield tag="008">210402s9999    xx            000 0 und d</controlfield>
  <datafield tag="082" ind1=" " ind2=" ">
   <subfield code="a">338.17</subfield>
  </datafield>
  <datafield tag="082" ind1=" " ind2=" ">
   <subfield code="b">W927</subfield>
  </datafield>
  <datafield tag="110" ind1=" " ind2=" ">
   <subfield code="a">The World Bank in Vietnam (WB)</subfield>
  </datafield>
  <datafield tag="245" ind1=" " ind2="4">
   <subfield code="a">The VN agricultural diversification project 2 =</subfield>
  </datafield>
  <datafield tag="245" ind1=" " ind2="0">
   <subfield code="b">Dự án đa dạng hoá nông nghiệp II</subfield>
  </datafield>
  <datafield tag="245" ind1=" " ind2="4">
   <subfield code="c">The World Bank in Vietnam (WB)</subfield>
  </datafield>
  <datafield tag="260" ind1=" " ind2=" ">
   <subfield code="a">Ha Noi</subfield>
  </datafield>
  <datafield tag="260" ind1=" " ind2=" ">
   <subfield code="b">The World Bank in Vietnam (WB)</subfield>
  </datafield>
  <datafield tag="260" ind1=" " ind2=" ">
   <subfield code="c">2005</subfield>
  </datafield>
  <datafield tag="520" ind1=" " ind2=" ">
   <subfield code="a">The proposed project development objective would be to promote market-oriented agricultural diversification with the aim of increasing and stabilizing the incomes of poor smallholders in the central highland and coastal provinces. This would contribute to the growth of the rural economy and the reduction of rural poverty in the country’s central region. The expected specific outcomes of the proposed project would be that: (i) farmers adopt new crops and new environmentally sound production and post harvest techniques; (ii) farmers adopt new livestock production and animal heath techniques; (iii) farmers increase productive on-farm investments; (iv) farmers have increased access to information on agricultural markets, including prices; and, (v) food safety and standards are promoted for agricultural produce. As under ADP, the tarfet group for the proposed project would  be poor rural households in the central highland nad coastal region engaged in agricultural activities. Particular attention would be given to the participation of the ethnic minorities and women.</subfield>
  </datafield>
  <datafield tag="650" ind1=" " ind2=" ">
   <subfield code="a">Agricultural administration.,Quản lý nông nghiệp,Animal products,Chăn nuôi</subfield>
  </datafield>
  <datafield tag="904" ind1=" " ind2=" ">
   <subfield code="i">Kiều Trang, hải ý</subfield>
  </datafield>
  <datafield tag="980" ind1=" " ind2=" ">
   <subfield code="a">Trung tâm Học liệu Trường Đại học Cần Thơ</subfield>
  </datafield>
 </record>
</collection>
